000 00836na a2200289 4500
001 13041
003 MIRAKIL
005 20181213154909.0
008 161010b tu 000 0
035 _a13041
040 _aMilas
_btur
_cTR-AnCHP
041 _atur
082 _a303.44
_bY28m 1969
090 _a303.44 Y28m 1969
100 _aYavuz, Fehmi
245 _aMemleketimizde toplum kalkınması
_b(köy kalkınması)
_cFehmi Yavuz
246 _aKöy kalkınması
250 _a2. bs.
260 _aAnkara
_bTODAİE
_c1969
300 _aviii, 153 s.
_c24 sm.
504 _aKaynakça var.
610 _aKöy İşleri Bakanlığı
650 _aToplumsal gelişme
_xKalkınma planları
_zTürkiye
650 _aKöy kalkınması
_yTürkiye
650 _aToplumsal gelişme
_xÖrgütlenmeler
_yTürkiye
942 _2ddc
_cBKS
999 _c2776
_d2776